00697 2200253 4500001002100000005001700021008004100038020002200079035002400101041000800125043001300133082001200146090002300158100001800181245009100199250001000290260002700300300002800327504001700355650001500372700002200387850001200409999002200421YOGYA-0711000000082220110718075459.0 ind  a978-979-29-1657-7 0010-071100000000822 aInd aYOPD DIY a616.132 aDEP 616.132bSur D aSURYOKO, Hery a20 tanaman obat terpopuler penurun hipertensicHery Suryoko ; editor, Benedicta Rini W aCet 1 aYogyakartabAndic2010 ax, 130 hlmbilusc18 cm ahlm. 127-128 aHipertensi aRini W, Benedicta aYOPDYOG aCB-D.11 2010-1785